BUILDING MATERIALS (Record no. 28486)

MARC details
000 -LEADER
fixed length control field 00298nam a22001457a 4500
003 - CONTROL NUMBER IDENTIFIER
control field SGT
020 ## - INTERNATIONAL STANDARD BOOK NUMBER
International Standard Book Number 9789360741921
082 ## - DEWEY DECIMAL CLASSIFICATION NUMBER
Classification number 691,DUG
100 ## - MAIN ENTRY--PERSONAL NAME
Personal name DUGGAL,S,K
245 ## - TITLE STATEMENT
Title BUILDING MATERIALS
250 ## - EDITION STATEMENT
Edition statement 6TH
260 ## - PUBLICATION, DISTRIBUTION, ETC. (IMPRINT)
Place of publication, distribution, etc NEW DELHI
Name of publisher, distributor, etc NEW AGE IP
Year of Publication 2025
300 ## - PAGE DESCRIPTION
No. of Pages 616
942 ## - ADDED ENTRY ELEMENTS (KOHA)
Source of classification or shelving scheme Dewey Decimal Classification
Koha item type Books
942 ## - ADDED ENTRY ELEMENTS (KOHA)
-- 1
Holdings
Withdrawn status Lost status Source of classification or shelving scheme Damaged status Not for loan Collection code Home library Current library Shelving location Date acquired Vendor Name Cost, normal purchase price SGTU Bill Number Full call number Accession No. (Barcode) Date last seen Bill Date Koha item type Total Checkouts Date last borrowed
    Dewey Decimal Classification   Not For Loan ENGINEERING SGT Engineering Library SGT Engineering Library Reference Book 27/12/2024 SAVERA BOOK DISTRIBUTORS 575.00 SGTU CRB/600 691,DUG FE9246 27/12/2024 09/11/2024 Books    
    Dewey Decimal Classification     ENGINEERING SGT Engineering Library SGT Engineering Library Text Book 27/12/2024 SAVERA BOOK DISTRIBUTORS 575.00 SGTU CRB/600 691,DUG FE9247 20/03/2025 09/11/2024 Books 1 31/01/2025
    Dewey Decimal Classification     ENGINEERING SGT Engineering Library SGT Engineering Library Text Book 27/12/2024 SAVERA BOOK DISTRIBUTORS 575.00 SGTU CRB/600 691,DUG FE9248 27/12/2024 09/11/2024 Books    
    Dewey Decimal Classification     ENGINEERING SGT Engineering Library SGT Engineering Library Text Book 27/12/2024 SAVERA BOOK DISTRIBUTORS 575.00 SGTU CRB/600 691,DUG FE9249 27/12/2024 09/11/2024 Books    
    Dewey Decimal Classification     ENGINEERING SGT Engineering Library SGT Engineering Library Text Book 27/12/2024 SAVERA BOOK DISTRIBUTORS 575.00 SGTU CRB/600 691,DUG FE9250 27/12/2024 09/11/2024 Books